Associez les Pays d'Afrique à leur Capitale et Drapeau (Click Quiz) - Statistiques

Statistiques générales
  • Ce quiz a été pris 138 fois
    22 depuis la dernière actualisation
  • Le résultat moyen est 54 sur 108
Statistiques - réponses
Hint Réponse % Correct
Capitale de l'Algérie Alger
71%
Drapeau de l'Algérie
71%
Drapeau de la Tunisie
71%
Capitale de l'Égypte Le Caire
71%
Capitale du Burkina Faso Ouagadougou
71%
Capitale de la Tunisie Tunis
71%
Capitale de Madagascar Antananarivo
65%
Capitale de la République du Congo Brazzaville
65%
Capitale de Djibouti Djibouti
65%
Drapeau du Burkina Faso
65%
Drapeau du Cameroun
65%
Drapeau du Kenya
65%
Drapeau de Madagascar
65%
Drapeau du Niger
65%
Drapeau de l'Afrique du Sud
65%
Capitale de la République Démocratique du Congo Kinshasa
65%
Capitales de l'Afrique du Sud Le Cap / Pretoria / Bloemfontein
65%
Capitale du Kenya Nairobi
65%
Capitale de la Libye Tripoli
65%
Capitale du Cameroun Yaoundé
65%
Drapeau de la Côte d'Ivoire
59%
Drapeau de l'Égypte
59%
Drapeau du Gabon
59%
Drapeau de la Libye
59%
Drapeau de la Mauritanie
59%
Drapeau du Rwanda
59%
Drapeau des Seychelles
59%
Drapeau du Soudan
59%
Drapeau de l'Eswatini
59%
Capitale du Gabon Libreville
59%
Capitale de la Guinée-Bissau Bissau
53%
Capitale du Sénégal Dakar
53%
Drapeau de la République Démocratique du Congo
53%
Drapeau de la République du Congo
53%
Drapeau du Cap-Vert
53%
Drapeau du Maroc
53%
Drapeau du Nigeria
53%
Drapeau de la Sierra Leone
53%
Drapeau du Soudan du Sud
53%
Drapeau de la Tanzanie
53%
Capitale du Soudan Khartoum
53%
Capitale de la Somalie Mogadiscio
53%
Capitale du Niger Niamey
53%
Capitale du Maroc Rabat
53%
Capitale de la Côte d'Ivoire Yamoussoukro
53%
Capitale de l'Éthiopie Addis Abeba
47%
Capitale de la Guinée Conakry
47%
Capitale de la Sierra Leone Freetown
47%
Drapeau du Burundi
47%
Drapeau du Bénin
47%
Drapeau du Botswana
47%
Drapeau de Djibouti
47%
Drapeau de l'Érythrée
47%
Drapeau de l'Éthiopie
47%
Drapeau de la Gambie
47%
Drapeau de la Guinée Équatoriale
47%
Drapeau du Liberia
47%
Drapeau du Lesotho
47%
Drapeau du Mali
47%
Drapeau du Malawi
47%
Drapeau du Mozambique
47%
Drapeau de la Namibie
47%
Drapeau de la Somalie
47%
Drapeau de São Tomé-et-Principe
47%
Drapeau du Tchad
47%
Drapeau de l'Ouganda
47%
Drapeau de la Zambie
47%
Drapeau du Zimbabwe
47%
Capitale du Togo Lomé
47%
Capitale de la Mauritanie Nouakchott
47%
Capitale du Cap-Vert Praïa
47%
Capitale de São Tomé-et-Principe São Tomé
47%
Capitale du Nigeria Abuja
41%
Capitale du Ghana Accra
41%
Capitale de l'Érythrée Asmara
41%
Capitale du Mali Bamako
41%
Capitale de la République Centrafricaine Bangui
41%
Capitale de la Gambie Banjul
41%
Capitales de la Guinée Équatoriale Ciudad de la Paz
41%
Capitale du Soudan du Sud Djouba
41%
Capitale de la Tanzanie Dodoma
41%
Capitale du Zimbabwe Harare
41%
Drapeau de l'Angola
41%
Drapeau de la République Centrafricaine
41%
Drapeau du Ghana
41%
Drapeau de la Guinée-Bissau
41%
Drapeau des Comores
41%
Drapeau de l'île Maurice
41%
Drapeau du Sénégal
41%
Drapeau du Togo
41%
Capitale du Rwanda Kigali
41%
Capitale du Malawi Lilongwe
41%
Capitale de l'Angola Luanda
41%
Capitale du Mozambique Maputo
41%
Capitale de l'Eswatini Mbabane
41%
Capitale du Liberia Monrovia
41%
Capitale des Comores Moroni
41%
Capitale du Tchad N'Djaména
41%
Capitale de l'île Maurice Port-Louis
41%
Capitale des Seychelles Victoria
41%
Capitale de la Namibie Windhoek
41%
Capitale du Botswana Gaborone
35%
Capitale du Burundi Gitega
35%
Drapeau de la Guinée
35%
Capitale de l'Ouganda Kampala
35%
Capitale de la Zambie Lusaka
35%
Capitale du Lesotho Maseru
35%
Capitale du Bénin Porto-Novo
29%
Aucun quiz correspondant
Distribution des résultats
% des personnes avec chaque résultat
Percentile par nombre de réponses
Votre historique - résultats
Vous n’avez pas pris ce quiz depuis la dernière actualisation